| 000 | 00720cam a2200217 a 4500 | ||
|---|---|---|---|
| 020 | _a186134273X | ||
| 040 | _cDLC | ||
| 082 | 0 | 4 | _a331 POL 2002 A073 Or. |
| 245 | 0 | 0 | _aChanging labour markets, welfare policies and citizenship / |
| 260 |
_aBristol : _bPolicy, _c2002. |
||
| 300 |
_axiii, 298 p. ; _c23 cm. |
||
| 650 | 0 | _aLabor market | |
| 650 | 0 | _aMarginality, Social | |
| 650 | 0 | _aCitizenship | |
| 700 | 1 | _aGoul Andersen, Jørgen. | |
| 700 | 1 | _aJensen, Per H. | |
| 856 | 4 | 2 | _uhttp://www.loc.gov/catdir/enhancements/fy1605/2002392242-b.html |
| 856 | 4 | 2 | _uhttp://www.loc.gov/catdir/enhancements/fy1605/2002392242-d.html |
| 856 | 4 | 1 | _uhttp://www.loc.gov/catdir/enhancements/fy1605/2002392242-t.html |
| 942 | _cEK | ||
| 999 |
_c15042 _d15042 |
||